ARRUPE JESUIT UNIVERSITY

CORONAVIRUS -STOP THE SPREAD - CLEAN,DISINFECT,COVER

The great war for civilisation : (Record no. 129952)

MARC details
000 -LEADER
fixed length control field 01266cam a22003374a 4500
001 - CONTROL NUMBER
control field 14735366
003 - CONTROL NUMBER IDENTIFIER
control field ARRUPE
005 - DATE AND TIME OF LATEST TRANSACTION
control field 20191112090019.0
008 - FIXED-LENGTH DATA ELEMENTS--GENERAL INFORMATION
fixed length control field 070215s2007 nyub b 001 0 eng
010 ## - LIBRARY OF CONGRESS CONTROL NUMBER
LC control number 2007271313
020 ## - INTERNATIONAL STANDARD BOOK NUMBER
International Standard Book Number 9781400075171
040 ## - CATALOGING SOURCE
Original cataloging agency DLC
Transcribing agency DLC
042 ## - AUTHENTICATION CODE
Authentication code pcc
043 ## - GEOGRAPHIC AREA CODE
Geographic area code aw-----
-- n-us---
050 00 - LIBRARY OF CONGRESS CALL NUMBER
Classification number DS62.8
Item number .F53 2006
300 ## - PHYSICAL DESCRIPTION
Other physical details maps ;
Dimensions 20 cm.
100 1# - MAIN ENTRY--PERSONAL NAME
Personal name Fisk, Robert.
9 (RLIN) 48430
245 14 - TITLE STATEMENT
Title The great war for civilisation :
Remainder of title the conquest of the Middle East /
Statement of responsibility, etc Robert Fisk.
250 ## - EDITION STATEMENT
Edition statement 1st Vintage Books ed.
260 ## - PUBLICATION, DISTRIBUTION, ETC. (IMPRINT)
Place of publication, distribution, etc London :
Name of publisher, distributor, etc Harper perennial,
Date of publication, distribution, etc 2006.
300 ## - PHYSICAL DESCRIPTION
Extent 1368 p. :
504 ## - BIBLIOGRAPHY, ETC. NOTE
Bibliography, etc Includes bibliographical references (p. 1043-1063) and index.
650 #0 - SUBJECT ADDED ENTRY--TOPICAL TERM
Topical term or geographic name as entry element War and society
Geographic subdivision Middle East.
9 (RLIN) 48456
651 #0 - SUBJECT ADDED ENTRY--GEOGRAPHIC NAME
Geographic name Middle East
General subdivision History, Military
Chronological subdivision 20th century.
9 (RLIN) 48457
651 #0 - SUBJECT ADDED ENTRY--GEOGRAPHIC NAME
Geographic name Middle East
General subdivision History, Military
Chronological subdivision 21st century.
9 (RLIN) 48458
651 #0 - SUBJECT ADDED ENTRY--GEOGRAPHIC NAME
Geographic name Middle East
General subdivision Colonization.
9 (RLIN) 48459
651 #0 - SUBJECT ADDED ENTRY--GEOGRAPHIC NAME
Geographic name United States
General subdivision Relations
Geographic subdivision Middle East.
9 (RLIN) 48460
651 #0 - SUBJECT ADDED ENTRY--GEOGRAPHIC NAME
Geographic name Middle East
General subdivision Relations
Geographic subdivision United States.
9 (RLIN) 48461
906 ## - LOCAL DATA ELEMENT F, LDF (RLIN)
a 7
b cbc
c origcop
d 2
e ncip
f 20
g y-gencatlg
942 ## - ADDED ENTRY ELEMENTS (KOHA)
Source of classification or shelving scheme Library of Congress Classification
Koha item type Monograph ( Printed materials)
Holdings
Withdrawn status Lost status Source of classification or shelving scheme Damaged status Not for loan Collection code Home library Current library Shelving location Date acquired Total Checkouts Full call number Barcode Date last seen Price effective from Koha item type
    Library of Congress Classification     Main Collection ARRUPE LIBRARY ARRUPE LIBRARY Main Collection 12/11/2019   DS62.8 .F53 2006 46600005937 12/11/2019 12/11/2019 Monograph ( Printed materials)

 

Arrupe Library. PO Box MP320 Mt Pleasant, Harare, Zimbabwe
263 242 745411|librarian@aju.ac.zw